000 00961nam a22002417a 4500
005 2008090307237.0
008 080903t xxu||||| |||| 00| 0 eng d
010 _aENG-90913
020 _a9788131304358
_c795.00
035 _aEN-74446
037 _bDBAD / PUB
040 _aDPL
_bEnglish
082 _a610.730692
100 _aChhugani, Manju
245 _aHandbook of nursing:
_cby Manju Chhugani
_b(development of nursing staff) /
260 _aNew Delhi
_bAPH Publishing House
_c2008
270 _a4435-36/7, Ansari Raod, Darya Ganj,
_bNew Delhi
_e110002
_k23274050
300 _axii, 284p.:
_c23 cm (Hb)
_bfig.
500 _aIncludes bibliographical references
650 _aNursing
_xHandbooks, manuals, etc.
942 _2ddc
_cEN
_mCHH
_h610.730692
999 _c15328
_d15328